Building construction (Record no. 126138)

MARC details
000 -LEADER
fixed length control field 00859cam a22002418a 4500
003 - CONTROL NUMBER IDENTIFIER
control field OSt
005 - DATE AND TIME OF LATEST TRANSACTION
control field 20240724095213.0
008 - FIXED-LENGTH DATA ELEMENTS--GENERAL INFORMATION
fixed length control field
040 ## - CATALOGING SOURCE
Transcribing agency NUST
Original cataloging agency NUST
Language of cataloging eng
Modifying agency NUST
Description conventions rda
050 ## - LIBRARY OF CONGRESS CALL NUMBER
Classification number TH151 MIT
100 1# - MAIN ENTRY--PERSONAL NAME
Personal name George A,Mitchell
Relator term Author
245 10 - TITLE STATEMENT
Title Building construction
Statement of responsibility, etc. :a Text book on the principles and details of modern construction for the use of students and practical men.
250 ## - EDITION STATEMENT
Edition statement Fourteenth Edition
260 ## - PUBLICATION, DISTRIBUTION, ETC.
Place of publication, distribution, etc. London :
Name of publisher, distributor, etc. Batsford,
Date of publication, distribution, etc. 1944.
300 ## - PHYSICAL DESCRIPTION
Extent xvi, 1134 pages.
Other physical details illustration ;
Dimensions 19 cm.
336 ## - CONTENT TYPE
Source rdacontent
Content type term Text
Content type code txt
337 ## - MEDIA TYPE
Source rdamedia
Media type term unmediated
Media type code n
338 ## - CARRIER TYPE
Source rdacarrier
Carrier type term volume
Carrier type code nc
504 ## - BIBLIOGRAPHY, ETC. NOTE
Bibliography, etc. note Includes bibliographical references.
650 #0 - SUBJECT ADDED ENTRY--TOPICAL TERM
Topical term or geographic name entry element Building
650 #0 - SUBJECT ADDED ENTRY--TOPICAL TERM
Topical term or geographic name entry element Construction industry
942 ## - ADDED ENTRY ELEMENTS (KOHA)
Koha item type Ordinary Loan Books
Call number prefix TH
Call number suffix MIT
Source of classification or shelving scheme Library of Congress Classification
Edition Fourteenth edition
Classification part TH151
Suppress in OPAC No
Holdings
Withdrawn status Lost status Source of classification or shelving scheme Damaged status Not for loan Collection Home library Current library Shelving location Date acquired Source of acquisition Cost, normal purchase price Total Checkouts Full call number Barcode Date last seen Accession number Cost, replacement price Price effective from Koha item type Public note
    LCC     NFIC FOBE FOBE GEN 01/23/2023 Book Aid International 80.00 1 TH151 MIT 92004052581 01/23/2023 59388 80.00 01/23/2023 BOOKS Donation